El concepto de materia al comienzo de la Escuela Franciscana de París / (Registro nro. 10406)
[ vista simple ]
| 000 -CABECERA | |
|---|---|
| campo de control de longitud fija | 00827cam a2200217 a 4500 |
| 001 - NÚMERO DE CONTROL | |
| campo de control | 000010651 |
| 005 - FECHA Y HORA DE LA ÚLTIMA TRANSACCIÓN | |
| campo de control | 20200929162250.0 |
| 008 - DATOS DE LONGITUD FIJA--INFORMACIÓN GENERAL | |
| campo de control de longitud fija | 791218s1976 ve b s001 0 spa |
| 040 ## - FUENTE DE LA CATALOGACIÓN | |
| Centro catalogador/agencia de origen | DO-SdBNP |
| Lengua de catalogación | spa |
| Centro/agencia transcriptor | BNPHU |
| 082 ## - NÚMERO DE LA CLASIFICACIÓN DECIMAL DEWEY | |
| Número de clasificación | 530.4 |
| Número de documento/Ítem | P438c |
| 100 1# - ENTRADA PRINCIPAL--NOMBRE DE PERSONA | |
| Nombre de persona | Pérez Estévez, Antonio. |
| 9 (RLIN) | 25787 |
| 245 13 - MENCIÓN DE TÍTULO | |
| Título | El concepto de materia al comienzo de la Escuela Franciscana de París / |
| Mención de responsabilidad, etc. | Antonio Pérez Estévez. |
| 260 ## - PUBLICACIÓN, DISTRIBUCIÓN, ETC. | |
| Lugar de publicación, distribución, etc. | Maracaibo, Venezuela : |
| Nombre del editor, distribuidor, etc. | Universidad de Zulia;, |
| Fecha de publicación, distribución, etc. | 1976. |
| 300 ## - DESCRIPCIÓN FÍSICA | |
| Extensión | 141 p. ; |
| Dimensiones | 23 cm. |
| 500 ## - NOTA GENERAL | |
| Nota general | Incluye datos biográficos del autor en la contracubierta |
| 504 ## - NOTA DE BIBLIOGRAFÍA, ETC. | |
| Nota de bibliografía, etc. | Bibliografía: p. 124-133. |
| 650 #4 - PUNTO DE ACCESO ADICIONAL DE MATERIA--TÉRMINO DE MATERIA | |
| Término de materia o nombre geográfico como elemento de entrada | Materia |
| 9 (RLIN) | 25788 |
| 600 00 - PUNTO DE ACCESO ADICIONAL DE MATERIA--NOMBRE DE PERSONA | |
| Nombre de persona | BONAVENTURE, |
| Títulos y otros términos asociados al nombre | SAINT, CARDINAL, |
| Fechas asociadas al nombre | ca. 1217-1274. |
| 9 (RLIN) | 25789 |
| 600 00 - PUNTO DE ACCESO ADICIONAL DE MATERIA--NOMBRE DE PERSONA | |
| Nombre de persona | RICARDUS, |
| Títulos y otros términos asociados al nombre | DE MEDIAVILLA, |
| Fechas asociadas al nombre | ca. 1249-1308? |
| 9 (RLIN) | 25790 |
| 610 20 - PUNTO DE ACCESO ADICIONAL DE MATERIA--NOMBRE DE ENTIDAD CORPORATIVA | |
| Nombre de entidad corporativa o nombre de jurisdicción como elemento de entrada | FRANCISCANS |
| Subdivisión geográfica | FRANCE |
| -- | PARÍS. |
| 9 (RLIN) | 25791 |
| Estado de retiro | Estado de pérdida | Restricciones de uso | No para préstamo | Código de colección | Localización permanente | Ubicación/localización actual | Ubicación en estantería | Fecha de adquisición | Número de inventario | Total de préstamos | Signatura topográfica completa | Código de barras | Fecha visto por última vez | Precio válido a partir de | Tipo de ítem Koha | Número de copia |
|---|---|---|---|---|---|---|---|---|---|---|---|---|---|---|---|---|
| Excluido de préstamo | Monografías: Libros y Folletos | General | General | Depósito | 08.10.2009 | LF1 | 530.4 P438c | 10651-10 | 25.06.2020 | 25.06.2020 | No se presta | |||||
| Extraviado | Excluido de préstamo | Monografías: Libros y Folletos | General | General | Extraviado | 06.06.2017 | LF1 | 530.4 P438c | 10651-20 | 25.06.2020 | 25.06.2020 | No se presta | e. 2 |
